000 00456nam a22001817a 4500
999 _c524440
_d524440
003 NUST
005 20190621053718.0
038 _aFaiza
082 _a297.01
_bABD
100 _aAbdul Khaliq
_915258
245 _aMuslim Falsafa /
_cAbdul Khaliq
260 _aAziz Publishers :
_bLahore,
_c1984.
300 _a255p. ;
500 _aPaper Cover
880 _6100-1\r
_aعبدالخالق
880 _6245-02\r
_a /مسلم فلسفہ
942 _2ddc
_cBK